000 01214cam a2200337 i 4500
001 17080396
003 EG-ScBUE
005 20230515105531.0
008 111212s2013 enka f b 001 0 eng d
020 _a9780415436205 (alk. paper)
040 _aDLC
_beng
_erda
_cDLC
_dDLC
_dEG-ScBUE
082 0 0 _a729
_222
_bFRO
245 0 0 _aFrom organisation to decoration :
_ban interiors reader /
_cEdited by Graeme Brooker and Sally Stone.
250 _aFirst edition.
264 1 _aLondon ;
_aNew York :
_bRoutledge,
_c2013.
300 _axvii, 294 pages :
_billustrations ;
_c26 cm
336 _atext
_2rdacontent
_btxt
336 _astill image
_2rdacontent
_btxt
337 _aunmediated
_2rdamedia
_bn
338 _avolume
_2rdacarrier
_bnc
504 _aIncludes bibliographical references and index.
650 7 _aInterior decoration.
_2BUEsh
650 7 _aInterior architecture.
_2BUEsh
653 _bART
_cMay2023
655 _vReading book
700 1 _aBrooker, Graeme,
_eeditor of compilation.
700 1 _aStone, Sally,
_eeditor of compilation.
906 _a7
_bcbc
_corignew
_d1
_eecip
_f20
_gy-gencatlg
942 _2ddc
_cBB
999 _c30374
_d30345